[Event "Larsen Nordjyske Memorial"]
[Site "Aalborg"]
[Date "2012.10.20"]
[Round "6"]
[White "Akvist, Hakan"]
[Black "Uhlmann, Wolfgang"]
[Result "1-0"]
[WhiteElo "2122"]
[BlackElo "2325"]
[PlyCount "80"]
[EventDate "2012.10.15"]
[EventType "swiss"]
[EventRounds "7"]
[EventCountry "DEN"]
[SourceTitle "EXT 2013"]
[Source "ChessBase"]
[SourceDate "2012.11.22"]

1. d4 Nf6 2. c4 g6 3. Nc3 Bg7 4. e4 O-O 5. Be3 d6 6. f3 a6 7. Qd2 Nbd7 8. Nh3
c6 9. Be2 e5 10. d5 cxd5 11. cxd5 b5 12. Nf2 Nb6 13. Rc1 Nfd7 14. b3 f5 15. Nd3
Nf6 16. Nb4 fxe4 17. Nc6 Qc7 18. fxe4 Ng4 19. Bg5 Qd7 20. h3 Nf6 21. O-O Bb7
22. Qe3 Nc8 23. a4 bxa4 24. Nxa4 h5 25. Rc2 Nh7 26. Bh6 Rxf1+ 27. Bxf1 Bf6 28.
Qc1 g5 29. Rf2 Qf7 30. h4 Qg6 31. hxg5 Bxg5 32. Bxg5 Nxg5 33. Qe3 Bxc6 34. dxc6
Ne7 35. Nb6 Rb8 36. Nd5 Nxd5 37. Bc4 Kh8 38. Bxd5 Nh7 39. Qh3 Qe8 40. Rf7 Ra8
1-0

[Event "Larsen Nordjyske Memorial"]
[Site "Aalborg"]
[Date "2012.10.20"]
[Round "6"]
[White "Andreasen, Per Naesby"]
[Black "Kristiansen, Erling"]
[Result "1/2-1/2"]
[WhiteElo "2296"]
[BlackElo "2205"]
[PlyCount "53"]
[EventDate "2012.10.15"]
[EventType "swiss"]
[EventRounds "7"]
[EventCountry "DEN"]
[SourceTitle "EXT 2013"]
[Source "ChessBase"]
[SourceDate "2012.11.22"]

1. Nf3 Nf6 2. g3 b6 3. c4 Bb7 4. Bg2 e6 5. O-O Be7 6. d4 d5 7. Nc3 O-O 8. cxd5
Nxd5 9. Nxd5 Bxd5 10. Be3 Nd7 11. Qa4 c5 12. Rfd1 Qc8 13. dxc5 Nxc5 14. Bxc5
Bxc5 15. Qh4 Qc7 16. Rac1 Qe7 17. Qxe7 Bxe7 18. Ne5 Bxg2 19. Kxg2 Rfd8 20.
Rxd8+ Bxd8 21. b3 Kf8 22. Kf3 Ke8 23. Nd3 f6 24. h4 Kd7 25. e4 Rc8 26. Rxc8
Kxc8 27. h5 1/2-1/2

[Event "Larsen Nordjyske Memorial"]
[Site "Aalborg"]
[Date "2012.10.16"]
[Round "2"]
[White "Andreasen, Per Naesby"]
[Black "Hansen, John Nyholm"]
[Result "1/2-1/2"]
[WhiteElo "2296"]
[BlackElo "2087"]
[PlyCount "67"]
[EventDate "2012.10.15"]
[EventType "swiss"]
[EventRounds "7"]
[EventCountry "DEN"]
[SourceTitle "EXT 2013"]
[Source "ChessBase"]
[SourceDate "2012.11.22"]

1. c4 c5 2. g3 g6 3. Bg2 Bg7 4. Nc3 Nc6 5. e3 e5 6. Nge2 Nge7 7. b3 d6 8. O-O
O-O 9. Bb2 Rb8 10. d3 a6 11. Qd2 Bf5 12. Nd5 Nxd5 13. cxd5 Ne7 14. d4 exd4 15.
exd4 b6 16. Rfe1 Re8 17. Rac1 Bd7 18. dxc5 bxc5 19. Bxg7 Kxg7 20. Qb2+ f6 21.
h4 Nf5 22. Qd2 Re5 23. Nf4 Nd4 24. Nd3 Rxe1+ 25. Rxe1 Bf5 26. Nf4 Rb7 27. Re3
Re7 28. b4 Re5 29. bxc5 dxc5 30. Rxe5 fxe5 31. Nd3 Bxd3 32. Qxd3 Qd6 33. Kh2
Qb6 34. Qe4 1/2-1/2

[Event "Larsen Nordjyske Memorial"]
[Site "Aalborg"]
[Date "2012.10.18"]
[Round "4"]
[White "Andreasen, Per Naesby"]
[Black "Uhlmann, Wolfgang"]
[Result "1-0"]
[WhiteElo "2296"]
[BlackElo "2325"]
[PlyCount "85"]
[EventDate "2012.10.15"]
[EventType "swiss"]
[EventRounds "7"]
[EventCountry "DEN"]
[SourceTitle "EXT 2013"]
[Source "ChessBase"]
[SourceDate "2012.11.22"]

1. Nf3 Nf6 2. c4 c5 3. Nc3 Nc6 4. e3 g6 5. d4 cxd4 6. exd4 d5 7. cxd5 Nxd5 8.
Qb3 Nxc3 9. Bc4 Nd5 10. Bxd5 e6 11. Bxc6+ bxc6 12. O-O Bg7 13. Bg5 f6 14. Be3
O-O 15. Rfc1 Qd6 16. Rc5 Bd7 17. Nd2 Rfb8 18. Qc3 Rb5 19. Ne4 Rxc5 20. Nxc5 Be8
21. Rc1 f5 22. g3 Qd5 23. Nd3 Rc8 24. Nb4 Qe4 25. Qd3 Qxd3 26. Nxd3 Rd8 27. Ne5
Rc8 28. b4 a6 29. Nd3 Bf8 30. Nc5 Bxc5 31. bxc5 Rb8 32. Rc3 Bd7 33. Ra3 Bc8 34.
Rb3 Rxb3 35. axb3 a5 36. Bd2 Ba6 37. Bxa5 g5 38. f3 Bd3 39. Bd8 h6 40. h4 Bc2
41. b4 gxh4 42. Bxh4 Bd3 43. Kf2 1-0

[Event "Larsen Nordjyske Memorial"]
[Site "Aalborg"]
[Date "2012.10.21"]
[Round "7"]
[White "Cebalo, Miso"]
[Black "Akvist, Hakan"]
[Result "1-0"]
[WhiteElo "2416"]
[BlackElo "2122"]
[PlyCount "63"]
[EventDate "2012.10.15"]
[EventType "swiss"]
[EventRounds "7"]
[EventCountry "DEN"]
[SourceTitle "EXT 2013"]
[Source "ChessBase"]
[SourceDate "2012.11.22"]

1. c4 c5 2. g3 Nc6 3. Bg2 e5 4. Nc3 g6 5. a3 Bg7 6. b4 Nge7 7. bxc5 O-O 8. Rb1
Nd4 9. e3 Ne6 10. Nge2 Nc6 11. O-O Nxc5 12. d4 exd4 13. exd4 Na6 14. Bf4 Re8
15. Nb5 g5 16. Bd6 Qf6 17. Re1 Bf8 18. c5 b6 19. Bxf8 Rxf8 20. Nec3 Rb8 21.
cxb6 axb6 22. Ne4 Qg6 23. d5 Na5 24. Qd4 f5 25. Ned6 Nc5 26. Re7 Ba6 27. Nc7
Qf6 28. Qxf6 Rxf6 29. Nce8 Rf8 30. Rbe1 Nc4 31. Rg7+ Kh8 32. Ree7 1-0

[Event "Larsen Nordjyske Memorial"]
[Site "Aalborg"]
[Date "2012.10.15"]
[Round "1"]
[White "Cebalo, Miso"]
[Black "Kolbak, Jens"]
[Result "0-1"]
[WhiteElo "2416"]
[BlackElo "2251"]
[PlyCount "70"]
[EventDate "2012.10.15"]
[EventType "swiss"]
[EventRounds "7"]
[EventCountry "DEN"]
[SourceTitle "EXT 2013"]
[Source "ChessBase"]
[SourceDate "2012.11.22"]

1. d4 Nf6 2. c4 g6 3. Nc3 Bg7 4. e4 d6 5. f4 O-O 6. Nf3 c5 7. d5 e6 8. Be2 exd5
9. cxd5 Bg4 10. O-O Nbd7 11. h3 Bxf3 12. Bxf3 Rb8 13. a4 a6 14. a5 b5 15. axb6
Rxb6 16. Qe2 Re8 17. Rxa6 Nxe4 18. Nxe4 f5 19. Ra7 fxe4 20. Bg4 Nf8 21. f5 Bd4+
22. Kh1 Qb8 23. Ra4 e3 24. fxg6 hxg6 25. Ra3 Qb7 26. Bf3 Qe7 27. Rd3 Qe5 28. b3
Rb7 29. Rfd1 Rf7 30. b4 Nh7 31. bxc5 Bxc5 32. Bb2 Qg3 33. Rf1 Ng5 34. Bg4 Rxf1+
35. Qxf1 Rf8 0-1

[Event "Larsen Nordjyske Memorial"]
[Site "Aalborg"]
[Date "2012.10.16"]
[Round "2"]
[White "Chernikov, Oleg L"]
[Black "Sorensen, Bent"]
[Result "1-0"]
[WhiteElo "2415"]
[BlackElo "2310"]
[PlyCount "81"]
[EventDate "2012.10.15"]
[EventType "swiss"]
[EventRounds "7"]
[EventCountry "DEN"]
[SourceTitle "EXT 2013"]
[Source "ChessBase"]
[SourceDate "2012.11.22"]

1. d4 d5 2. c4 e6 3. Nc3 c6 4. e4 dxe4 5. Nxe4 Bb4+ 6. Nc3 Nf6 7. Qb3 c5 8.
dxc5 Nc6 9. Nf3 O-O 10. Be2 Ne4 11. O-O Nxc3 12. bxc3 Bxc5 13. Qc2 h6 14. Nd2
e5 15. Nb3 Be7 16. Bf3 Be6 17. Rd1 Qc7 18. Bd5 Nd8 19. Qe4 Rc8 20. f4 Bxd5 21.
cxd5 exf4 22. Bxf4 Bd6 23. Bxd6 Qxd6 24. Rac1 b6 25. Nd4 Rc4 26. Qf3 Nb7 27.
Kh1 Qc5 28. Rf1 Nd6 29. Ne6 Qa3 30. Nxf8 Kxf8 31. Qg3 Kg8 32. Rc2 Qc5 33. Qd3
Re4 34. h3 g6 35. Rcf2 Re3 36. Qd4 Qxc3 37. Qf4 Nf5 38. Rf3 h5 39. Rxe3 Qxe3
40. Qxe3 Nxe3 41. d6 1-0

[Event "Larsen Nordjyske Memorial"]
[Site "Aalborg"]
[Date "2012.10.20"]
[Round "6"]
[White "Chernikov, Oleg L"]
[Black "Kristiansen, Jens"]
[Result "0-1"]
[WhiteElo "2415"]
[BlackElo "2419"]
[PlyCount "176"]
[EventDate "2012.10.15"]
[EventType "swiss"]
[EventRounds "7"]
[EventCountry "DEN"]
[SourceTitle "EXT 2013"]
[Source "ChessBase"]
[SourceDate "2012.11.22"]

1. d4 f5 2. Bg5 g6 3. Nc3 Bg7 4. e4 fxe4 5. Nxe4 d5 6. Nc5 b6 7. Nb3 Nh6 8. h4
Nf7 9. Bf4 O-O 10. h5 g5 11. Be3 e5 12. h6 Bf6 13. c3 Nc6 14. Ne2 Ne7 15. Ng3
Nf5 16. Nxf5 Bxf5 17. Be2 Qd7 18. dxe5 Nxe5 19. Nd4 Bg6 20. O-O c5 21. Nf3 Nf7
22. Qd2 Qf5 23. Rad1 Rad8 24. Bd3 Qxd3 25. Qxd3 Bxd3 26. Rxd3 g4 27. Nh2 Ne5
28. Rdd1 Kf7 29. Rfe1 Rg8 30. Nf1 Nc4 31. Bc1 d4 32. b3 Ne5 33. cxd4 Rxd4 34.
Be3 Rxd1 35. Rxd1 Rd8 36. Rxd8 Bxd8 37. Kh2 Kg6 38. Kg3 Bg5 39. Bxg5 Kxg5 40.
Ne3 b5 41. f4+ gxf3 42. gxf3 Nd3 43. Nd5 c4 44. bxc4 bxc4 45. f4+ Kxh6 46. Kf3
Kg6 47. Ke4 h5 48. f5+ Kg5 49. Ne3 Nb2 50. Ke5 c3 51. f6 Nd3+ 52. Kd4 Nf4 53.
f7 Ne6+ 54. Kxc3 Kg6 55. Kd3 Kxf7 56. Ke4 Kf6 57. Nc4 Kg5 58. Ne5 Nc5+ 59. Kf3
Kf5 60. Nc6 a6 61. Kg3 Kg5 62. Kh3 Ne4 63. a4 Nf2+ 64. Kg2 Nd3 65. a5 Kg4 66.
Kh2 h4 67. Nd4 Ne5 68. Kg2 Nc4 69. Nb3 h3+ 70. Kh2 Kh4 71. Nc5 Ne5 72. Ne4 Nf3+
73. Kh1 Ne5 74. Nc5 Kg3 75. Ne4+ Kf4 76. Nf2 Nc4 77. Kh2 Ke3 78. Ng4+ Kd4 79.
Kxh3 Nxa5 80. Kg3 Nc4 81. Kf3 a5 82. Ke2 a4 83. Nf2 a3 84. Nd3 Kc3 85. Nc1 Kc2
86. Na2 Ne5 87. Ke3 Nc6 88. Ke4 Kb2 0-1

[Event "Larsen Nordjyske Memorial"]
[Site "Aalborg"]
[Date "2012.10.17"]
[Round "3"]
[White "Chernikov, Oleg L"]
[Black "Jacobsen, Bo"]
[Result "1/2-1/2"]
[WhiteElo "2415"]
[BlackElo "2309"]
[PlyCount "106"]
[EventDate "2012.10.15"]
[EventType "swiss"]
[EventRounds "7"]
[EventCountry "DEN"]
[SourceTitle "EXT 2013"]
[Source "ChessBase"]
[SourceDate "2012.11.22"]

1. Nf3 g6 2. g3 Bg7 3. d4 Nf6 4. Bg2 O-O 5. O-O d6 6. b3 a5 7. Bb2 a4 8. Na3
Bd7 9. c4 Na6 10. Ne1 Qc8 11. Nd3 c5 12. dxc5 Nxc5 13. b4 Nxd3 14. exd3 Bc6 15.
Rc1 h5 16. Re1 Re8 17. d4 Bxg2 18. Kxg2 Ng4 19. Qd3 e5 20. h3 Nh6 21. c5 dxc5
22. Rxc5 Qd8 23. Nb5 b6 24. Rc2 Re7 25. Qf3 Rc8 26. Rxc8 Qxc8 27. dxe5 Qc4 28.
Qe2 Qxa2 29. Bc3 Qd5+ 30. Kh2 Nf5 31. Rd1 Qc6 32. Bb2 Kh7 33. Rc1 Qd5 34. f4
Rd7 35. Nc3 Qb3 36. Ne4 Qxb4 37. Bc3 Qb3 38. g4 hxg4 39. hxg4 Nh6 40. Kg3 Rd8
41. Kh4 b5 42. e6 Qa3 43. Ng5+ Kg8 44. Bxg7 Qxc1 45. e7 Re8 46. Bxh6 Qxf4 47.
Bf8 a3 48. Qxb5 Rxf8 49. exf8=Q+ Kxf8 50. Qc5+ Kg7 51. Qxa3 Qf2+ 52. Kh3 Qf1+
53. Kg3 Qe1+ 1/2-1/2

[Event "Larsen Nordjyske Memorial"]
[Site "Aalborg"]
[Date "2012.10.19"]
[Round "5"]
[White "Chernikov, Oleg L"]
[Black "Pedersen, Jan Rode"]
[Result "1-0"]
[WhiteElo "2415"]
[BlackElo "2215"]
[PlyCount "137"]
[EventDate "2012.10.15"]
[EventType "swiss"]
[EventRounds "7"]
[EventCountry "DEN"]
[SourceTitle "EXT 2013"]
[Source "ChessBase"]
[SourceDate "2012.11.22"]

1. d4 Nf6 2. c4 e6 3. Nf3 b6 4. a3 Ba6 5. Qc2 c5 6. e4 Bb7 7. d5 exd5 8. exd5
d6 9. Bd3 Be7 10. O-O O-O 11. h3 Nbd7 12. Bf4 Re8 13. Nc3 Nf8 14. Bh2 a6 15. a4
Bc8 16. Ra3 Ng6 17. Nd2 Nd7 18. f4 Bf8 19. Nf3 Ra7 20. Ne4 Nf6 21. Neg5 Rae7
22. f5 Ne5 23. Nxe5 dxe5 24. Ne4 Rd7 25. Nxf6+ Qxf6 26. Be4 Rd6 27. Bg3 Bb7 28.
Bf2 Rc8 29. Rb3 Qd8 30. Ra1 Qd7 31. Rg3 f6 32. Kh2 a5 33. Be3 Qc7 34. Rf3 Be7
35. Kh1 Rf8 36. Rf2 Bc8 37. Bf3 Bd7 38. Bh5 Be8 39. Bxe8 Rxe8 40. Qe4 Rf8 41.
g4 Qd7 42. Kg2 Qe8 43. h4 Qf7 44. Kf3 Rd7 45. Ke2 Bd6 46. Rg1 Qe8 47. Kd2 Kf7
48. g5 Ke7 49. gxf6+ gxf6 50. Bh6 Rg8 51. Rxg8 Qxg8 52. Rg2 Qe8 53. Qg4 Kd8 54.
Qg8 Rf7 55. Qxe8+ Kxe8 56. Rg8+ Kd7 57. h5 e4 58. Ke3 Re7 59. Bf8 Re8 60. Rg7+
Be7 61. Bxe7 Rxe7 62. h6 Kd6 63. Rg4 Kd7 64. Rg6 hxg6 65. fxg6 f5 66. g7 f4+
67. Ke2 e3 68. g8=Q f3+ 69. Ke1 1-0

[Event "Larsen Nordjyske Memorial"]
[Site "Aalborg"]
[Date "2012.10.16"]
[Round "2"]
[White "Dueckstein, Andreas"]
[Black "Olafsson, Fridrik"]
[Result "1/2-1/2"]
[WhiteElo "2208"]
[BlackElo "2431"]
[PlyCount "32"]
[EventDate "2012.10.15"]
[EventType "swiss"]
[EventRounds "7"]
[EventCountry "DEN"]
[SourceTitle "EXT 2013"]
[Source "ChessBase"]
[SourceDate "2012.11.22"]

1. e4 c5 2. Nf3 e6 3. b3 Nc6 4. Bb2 Nge7 5. g3 d5 6. exd5 exd5 7. Bg2 d4 8. O-O
Nf5 9. d3 Be7 10. Nbd2 O-O 11. Ne4 Nh6 12. Bc1 Ng4 13. Re1 Nf6 14. Nxf6+ Bxf6
15. Bd2 Be6 16. Qc1 Bd5 1/2-1/2

[Event "Larsen Nordjyske Memorial"]
[Site "Aalborg"]
[Date "2012.10.19"]
[Round "5"]
[White "Hess, Christian Mathias"]
[Black "Willumsen, Henrik"]
[Result "1-0"]
[WhiteElo "2260"]
[BlackElo "2150"]
[PlyCount "79"]
[EventDate "2012.10.15"]
[EventType "swiss"]
[EventRounds "7"]
[EventCountry "DEN"]
[SourceTitle "EXT 2013"]
[Source "ChessBase"]
[SourceDate "2012.11.22"]

1. c4 e5 2. Nc3 Nc6 3. Nf3 Nf6 4. a3 b6 5. e3 e4 6. Ng5 Bb7 7. Ngxe4 Nxe4 8.
Nxe4 Qh4 9. Ng3 g6 10. d4 Bg7 11. Be2 O-O-O 12. d5 Na5 13. Qc2 Ba6 14. Bd2 Nb7
15. Bc3 Bxc3+ 16. Qxc3 Nc5 17. b4 Ne4 18. Nxe4 Qxe4 19. O-O Rhe8 20. Rac1 Kb8
21. Rfd1 d6 22. Bf3 Qf5 23. h3 h5 24. a4 Re7 25. a5 b5 26. Be2 Qd7 27. c5 Re4
28. Bd3 Re5 29. Qd4 Qe7 30. e4 g5 31. Rd2 f5 32. Rdc2 fxe4 33. cxd6 cxd6 34.
Rc7 Qxc7 35. Rxc7 Kxc7 36. Qxa7+ Bb7 37. a6 Rb8 38. Bxb5 Rxd5 39. Be2 Rd2 40.
axb7 1-0

[Event "Larsen Nordjyske Memorial"]
[Site "Aalborg"]
[Date "2012.10.21"]
[Round "7"]
[White "Hess, Christian Mathias"]
[Black "Jacobsen, Bo"]
[Result "1-0"]
[WhiteElo "2260"]
[BlackElo "2309"]
[PlyCount "73"]
[EventDate "2012.10.15"]
[EventType "swiss"]
[EventRounds "7"]
[EventCountry "DEN"]
[SourceTitle "EXT 2013"]
[Source "ChessBase"]
[SourceDate "2012.11.22"]

1. Nf3 Nf6 2. c4 c5 3. Nc3 b6 4. e3 e6 5. d4 Be7 6. Bd3 O-O 7. O-O a6 8. Re1 d6
9. a3 Re8 10. b4 Nbd7 11. Bb2 Qc7 12. Rc1 Bb7 13. bxc5 bxc5 14. d5 Rab8 15. Ba1
exd5 16. Nxd5 Nxd5 17. cxd5 Qa5 18. Rc4 Bf6 19. Ra4 Qd8 20. Bxf6 Nxf6 21. e4
Nd7 22. Rc4 Qa5 23. h3 h6 24. Ra4 Qd8 25. Rc4 Re7 26. Qd2 Qc7 27. Rcc1 Rd8 28.
Qc3 Rde8 29. Re3 g5 30. Nd4 Re5 31. Nf5 Kh7 32. h4 g4 33. Rg3 Rg8 34. Qd2 Rxf5
35. exf5 Nf6 36. Qb2 Nxd5 37. f6+ 1-0

[Event "Larsen Nordjyske Memorial"]
[Site "Aalborg"]
[Date "2012.10.15"]
[Round "1"]
[White "Hess, Christian Mathias"]
[Black "Kristiansen, Jens"]
[Result "0-1"]
[WhiteElo "2260"]
[BlackElo "2419"]
[PlyCount "65"]
[EventDate "2012.10.15"]
[EventType "swiss"]
[EventRounds "7"]
[EventCountry "DEN"]
[SourceTitle "EXT 2013"]
[Source "ChessBase"]
[SourceDate "2012.11.22"]

1. Nf3 g6 2. e4 Bg7 3. d4 d6 4. Be3 Nf6 5. Nc3 c6 6. Qd2 Qa5 7. Bd3 Bg4 8. h3
Bxf3 9. gxf3 Nbd7 10. Ne2 Qxd2+ 11. Kxd2 d5 12. e5 Ng8 13. h4 h5 14. e6 Nf8 15.
exf7+ Kxf7 16. Nf4 e6 17. Rhg1 Ne7 18. Nh3 Bf6 19. Ng5+ Bxg5 20. Bxg5 Nf5 21.
c3 Nd7 22. Rae1 Rae8 23. Bxf5 gxf5 24. Bf4 Rhg8 25. Rg3 Nf8 26. Rxg8 Kxg8 27.
Rg1+ Kf7 28. Be5 Ng6 29. Rg5 Nxh4 30. Rg7+ Kf8 31. Ke2 Re7 32. Rg1 Rh7 33. Bd6+
0-1

[Event "Larsen Nordjyske Memorial"]
[Site "Aalborg"]
[Date "2012.10.15"]
[Round "1"]
[White "Hohler, Peter"]
[Black "Chernikov, Oleg L"]
[Result "1/2-1/2"]
[WhiteElo "2219"]
[BlackElo "2415"]
[PlyCount "134"]
[EventDate "2012.10.15"]
[EventType "swiss"]
[EventRounds "7"]
[EventCountry "DEN"]
[SourceTitle "EXT 2013"]
[Source "ChessBase"]
[SourceDate "2012.11.22"]

1. d4 d5 2. c4 e6 3. Nc3 a6 4. cxd5 exd5 5. Bf4 c6 6. e3 Bd6 7. Bxd6 Qxd6 8.
Bd3 Ne7 9. Qc2 g6 10. Nf3 Bf5 11. h3 Nd7 12. O-O O-O 13. Rfe1 a5 14. Rac1 Qf6
15. Bxf5 Nxf5 16. Na4 Nd6 17. Nd2 Rfe8 18. Nc5 Nxc5 19. Qxc5 a4 20. Qa3 Qd8 21.
Rc2 Re6 22. Qb4 Qa5 23. Qxa5 Rxa5 24. Rec1 Re8 25. Rc5 Ra6 26. Kf1 Kf8 27. Ke2
Ke7 28. Kd1 Kd7 29. R1c2 f5 30. R5c3 Ne4 31. Nxe4 fxe4 32. Ke2 Raa8 33. Rc1 g5
34. Rf1 Rf8 35. f3 exf3+ 36. Rxf3 h5 37. Rc1 g4 38. hxg4 hxg4 39. Rg3 Rg8 40.
Rf1 Rae8 41. Rf4 Re4 42. Kd3 Rxf4 43. exf4 Ke6 44. Re3+ Kf6 45. Re5 Rh8 46. Rg5
Rh2 47. Rxg4 Kf5 48. Rg7 Kxf4 49. Rf7+ Kg5 50. Rxb7 Kf6 51. Rc7 Rxg2 52. Rxc6+
Ke7 53. Kc3 a3 54. bxa3 Rxa2 55. Ra6 Kd7 56. Kb4 Rc2 57. Kb5 Rc3 58. Ra4 Kc7
59. Ra7+ Kc8 60. Rh7 Rxa3 61. Kc6 Ra6+ 62. Kxd5 Kd8 63. Ke5 Rb6 64. d5 Ra6 65.
Rg7 Rb6 66. Ra7 Rh6 67. d6 Rh1 1/2-1/2

[Event "Larsen Nordjyske Memorial"]
[Site "Aalborg"]
[Date "2012.10.16"]
[Round "2"]
[White "Holst, Per"]
[Black "Sloth, Jorn"]
[Result "0-1"]
[WhiteElo "2108"]
[BlackElo "2340"]
[PlyCount "78"]
[EventDate "2012.10.15"]
[EventType "swiss"]
[EventRounds "7"]
[EventCountry "DEN"]
[SourceTitle "EXT 2013"]
[Source "ChessBase"]
[SourceDate "2012.11.22"]

1. d4 e6 2. c4 Nf6 3. Nf3 Bb4+ 4. Bd2 a5 5. g3 b6 6. Bg2 Bb7 7. O-O O-O 8. Nc3
d6 9. Qc2 Nbd7 10. Rfe1 Bxc3 11. Bxc3 Be4 12. Qa4 Qc8 13. Nd2 Bxg2 14. Kxg2
Qb7+ 15. e4 c6 16. Qc2 b5 17. b3 e5 18. c5 exd4 19. Bxd4 dxc5 20. Bxc5 Rfe8 21.
f3 Nxc5 22. Qxc5 Rad8 23. Re2 Nd7 24. Qc3 Qb6 25. Nf1 Ne5 26. Qe3 c5 27. Rc1
Rd4 28. Rd2 Red8 29. Rcd1 Nc6 30. Rxd4 cxd4 31. Qg5 h6 32. Qf5 Nb4 33. a4 bxa4
34. bxa4 d3 35. Rd2 Nc2 36. e5 Qb4 37. Kh3 Ne3 38. Nxe3 Qxd2 39. Nd5 Qg5 0-1

[Event "Larsen Nordjyske Memorial"]
[Site "Aalborg"]
[Date "2012.10.18"]
[Round "4"]
[White "Jacobsen, Bo"]
[Black "Kristiansen, Jens"]
[Result "1/2-1/2"]
[WhiteElo "2309"]
[BlackElo "2419"]
[PlyCount "47"]
[EventDate "2012.10.15"]
[EventType "swiss"]
[EventRounds "7"]
[EventCountry "DEN"]
[SourceTitle "EXT 2013"]
[Source "ChessBase"]
[SourceDate "2012.11.22"]

1. Nf3 f5 2. g3 Nf6 3. Bg2 d5 4. O-O e6 5. d3 Nc6 6. a3 a5 7. Nc3 Bc5 8. Bf4
Qe7 9. e4 d4 10. Nb5 O-O 11. exf5 Nd5 12. Bg5 Qf7 13. fxe6 Bxe6 14. Nd2 h6 15.
Ne4 Bb6 16. Bd2 Ne5 17. c4 dxc3 18. Nbxc3 Nxd3 19. Nxd5 Bxd5 20. Be3 Nxb2 21.
Qxd5 Qxd5 22. Nf6+ Rxf6 23. Bxd5+ Kf8 24. Rab1 1/2-1/2

[Event "Larsen Nordjyske Memorial"]
[Site "Aalborg"]
[Date "2012.10.20"]
[Round "6"]
[White "Jacobsen, Bo"]
[Black "Rooze, Jan"]
[Result "1-0"]
[WhiteElo "2309"]
[BlackElo "2286"]
[PlyCount "63"]
[EventDate "2012.10.15"]
[EventType "swiss"]
[EventRounds "7"]
[EventCountry "DEN"]
[SourceTitle "EXT 2013"]
[Source "ChessBase"]
[SourceDate "2012.11.22"]

1. c4 c5 2. g3 Nf6 3. Bg2 d5 4. cxd5 Nxd5 5. Nc3 Nc7 6. Qb3 Nc6 7. Bxc6+ bxc6
8. d3 Ne6 9. Qa4 g6 10. Be3 Bg7 11. Rc1 O-O 12. b3 f5 13. Nf3 Nd4 14. Nd2 e5
15. Qc4+ Kh8 16. Qxc5 f4 17. Bxd4 exd4 18. Nce4 Bh3 19. Rc4 Be6 20. Ra4 Rf5 21.
Qc1 Bd5 22. g4 Rf7 23. h4 Qd7 24. f3 h6 25. Qc5 Re7 26. g5 Qe6 27. gxh6 Bxh6
28. Qxd4+ Bg7 29. Qg1 Qe5 30. Kf2 Rg8 31. Qg5 Qc7 32. h5 1-0

[Event "Larsen Nordjyske Memorial"]
[Site "Aalborg"]
[Date "2012.10.16"]
[Round "2"]
[White "Jacobsen, Bo"]
[Black "Akvist, Hakan"]
[Result "1-0"]
[WhiteElo "2309"]
[BlackElo "2122"]
[PlyCount "87"]
[EventDate "2012.10.15"]
[EventType "swiss"]
[EventRounds "7"]
[EventCountry "DEN"]
[SourceTitle "EXT 2013"]
[Source "ChessBase"]
[SourceDate "2012.11.22"]

1. c4 Nf6 2. g3 c5 3. Bg2 Nc6 4. Nc3 g6 5. e3 Bg7 6. Nge2 O-O 7. d4 cxd4 8.
exd4 d6 9. h3 Bd7 10. O-O Rc8 11. Be3 Na5 12. b3 e6 13. Qd2 Re8 14. Nf4 b6 15.
Rac1 Qc7 16. Rfe1 Qb8 17. Nd3 Bc6 18. d5 exd5 19. Nxd5 Nxd5 20. cxd5 Bd7 21.
Nb4 Rxc1 22. Rxc1 Qd8 23. h4 Bf5 24. Nc6 Nxc6 25. dxc6 Qc7 26. Bf4 Be5 27. Re1
Re6 28. Bh6 Bg7 29. Be3 h5 30. Rc1 Re8 31. b4 b5 32. Qe2 a6 33. a4 Rb8 34. a5
Re8 35. Qd2 Be5 36. Bb6 Qe7 37. c7 Bc8 38. Re1 Qf6 39. f4 Bd4+ 40. Bxd4 Rxe1+
41. Kf2 Re5 42. Bf3 Qf5 43. fxe5 dxe5 44. Bxe5 1-0

[Event "Larsen Nordjyske Memorial"]
[Site "Aalborg"]
[Date "2012.10.20"]
[Round "6"]
[White "Jorgensen, Jorgen"]
[Black "Sloth, Jorn"]
[Result "1/2-1/2"]
[WhiteElo "2184"]
[BlackElo "2340"]
[PlyCount "26"]
[EventDate "2012.10.15"]
[EventType "swiss"]
[EventRounds "7"]
[EventCountry "DEN"]
[SourceTitle "EXT 2013"]
[Source "ChessBase"]
[SourceDate "2012.11.22"]

1. Nf3 c5 2. c4 g6 3. d4 cxd4 4. Nxd4 Nc6 5. e4 Bg7 6. Be3 Nf6 7. Nc3 Ng4 8.
Qxg4 Nxd4 9. Qd1 Ne6 10. Qd2 d6 11. Rc1 Bd7 12. Be2 a5 13. O-O Bc8 1/2-1/2

[Event "Larsen Nordjyske Memorial"]
[Site "Aalborg"]
[Date "2012.10.18"]
[Round "4"]
[White "Jorgensen, Jorgen"]
[Black "Cebalo, Miso"]
[Result "1-0"]
[WhiteElo "2184"]
[BlackElo "2416"]
[PlyCount "77"]
[EventDate "2012.10.15"]
[EventType "swiss"]
[EventRounds "7"]
[EventCountry "DEN"]
[SourceTitle "EXT 2013"]
[Source "ChessBase"]
[SourceDate "2012.11.22"]

1. Nf3 c5 2. c4 g6 3. Nc3 Bg7 4. g3 Nc6 5. Bg2 e5 6. a3 a5 7. d3 Nge7 8. O-O
O-O 9. Ne1 f5 10. Nc2 f4 11. e3 fxg3 12. fxg3 Rxf1+ 13. Qxf1 d6 14. Rb1 Be6 15.
b4 axb4 16. axb4 Nxb4 17. Nxb4 cxb4 18. Rxb4 Ra1 19. Rxb7 Bh6 20. Nb1 Nf5 21.
Qe2 Qa5 22. g4 Ra2 23. Qf1 Rxg2+ 24. Qxg2 Qe1+ 25. Qf1 Bxe3+ 26. Bxe3 Qxe3+ 27.
Kh1 e4 28. gxf5 Bxf5 29. Rb2 exd3 30. Nd2 Kg7 31. Qf3 Qe2 32. Kg1 Qe1+ 33. Qf1
Qe5 34. Rb7+ Kh6 35. Qf2 g5 36. Rb5 Qa1+ 37. Kg2 Bg6 38. Qe3 Qa4 39. Nb1 1-0

[Event "Larsen Nordjyske Memorial"]
[Site "Aalborg"]
[Date "2012.10.18"]
[Round "4"]
[White "Kolbak, Jens"]
[Black "Rooze, Jan"]
[Result "1-0"]
[WhiteElo "2251"]
[BlackElo "2286"]
[PlyCount "124"]
[EventDate "2012.10.15"]
[EventType "swiss"]
[EventRounds "7"]
[EventCountry "DEN"]
[SourceTitle "EXT 2013"]
[Source "ChessBase"]
[SourceDate "2012.11.22"]

1. e4 c5 2. Nf3 e6 3. d4 cxd4 4. Nxd4 Nc6 5. Nc3 Qc7 6. Be3 a6 7. Be2 Nf6 8.
O-O Bb4 9. Nxc6 bxc6 10. Bd3 e5 11. Na4 d5 12. Nb6 Rb8 13. Nxc8 Qxc8 14. f3 O-O
15. c3 Be7 16. Rb1 Rd8 17. Qe2 a5 18. Kh1 Qe6 19. b3 Bd6 20. Qc2 h6 21. Bf2 Nh5
22. exd5 cxd5 23. c4 Nf4 24. cxd5 Qxd5 25. Bc4 Qb7 26. Rbd1 Bc7 27. Qf5 Bd6 28.
Rd2 g6 29. Qf6 Qe7 30. Bxf7+ Qxf7 31. Rxd6 Qxf6 32. Rxf6 Rd2 33. g3 Kg7 34. Ra6
Nd3 35. Ba7 Rc8 36. Rxa5 Rcc2 37. Bg1 Rxa2 38. Rxa2 Rxa2 39. Rb1 Nf2+ 40. Bxf2
Rxf2 41. b4 Rxf3 42. Kg2 Rf6 43. b5 Rb6 44. Kf3 Kf6 45. Ke4 Ke6 46. Rb2 h5 47.
h3 g5 48. g4 hxg4 49. hxg4 Rb7 50. b6 Kd6 51. Kf5 Kd5 52. Kxg5 Ke4 53. Kf6 Kd4
54. g5 Kc3 55. Rb1 Kc2 56. Re1 Rxb6+ 57. Kxe5 Kd2 58. Re4 Kd3 59. Kf5 Rb5+ 60.
Re5 Rb1 61. Kf6 Kd4 62. g6 Rb6+ 1-0